La acción concursal de responsabilidad de administradores y terceros y el nuevo Código Civil y Comercial de la Nación (Registro nro. 20779)

Detalles MARC
000 -LEADER
fixed length control field 00448 a2200121 4500
001 - CONTROL NUMBER
control field ART_38191
005 - DATE AND TIME OF LATEST TRANSACTION
control field 20260410161803.0
008 - FIXED-LENGTH DATA ELEMENTS--GENERAL INFORMATION
fixed length control field 260409a
100 1# - MAIN ENTRY--PERSONAL NAME
Personal name Junyent Bas, Francisco
245 10 - TITLE STATEMENT
Title La acción concursal de responsabilidad de administradores y terceros y el nuevo Código Civil y Comercial de la Nación
700 1# - ADDED ENTRY--PERSONAL NAME
Personal name Ferrero, Luis F.
773 0# - HOST ITEM ENTRY
Title Doctrina Societaria y Concursal
Related parts - Nº 335 (oct. 2015)
Record control number REV4298

No hay ítems disponibles.